Some polynomial algorithms for strong dependencies /

Shranjeno v:
Bibliografske podrobnosti
Glavni avtor: Vu Duc Thi.
Drugi avtorji: Nguyen Hoang Son
Format: Bài viết
Jezik:Vietnamese
Oznake: Označite
Brez oznak, prvi označite!
Thư viện lưu trữ: Thư viện Trường Đại học Đà Lạt
LEADER 00721nam a2200241 4500
001 DLU120143684
005 ##20121109
040 # # |a DLU  |b vie 
041 # # |a vie 
044 # # |a vn 
100 # # |a Vu Duc Thi. 
245 # # |a Some polynomial algorithms for strong dependencies /  |c Vu Duc Thi, Nguyen Hoang Son. 
700 # # |a Nguyen Hoang Son 
773 # # |t Nghiên cứu cơ bản và ứng dụng Công nghệ thông tin,   |g  2006, tr. 341-348 
920 # # |a Phòng Tạp chí -- Trung tâm Thông tin - Thư viện Trường Đại học Đà Lạt 
994 # # |a DLU 
900 # # |a True 
911 # # |a Nguyễn Thị Mai Anh 
925 # # |a G 
926 # # |a A 
927 # # |a BB 
980 # # |a Thư viện Trường Đại học Đà Lạt